Monsoon : (Record no. 16234)

000 -LEADER
fixed length control field 02052nam a2200301 a 4500
001 - CONTROL NUMBER
control field ASIN0812979206
005 - DATE AND TIME OF LATEST TRANSACTION
control field 20170105102935.0
008 - FIXED-LENGTH DATA ELEMENTS--GENERAL INFORMATION
fixed length control field 151014s2011 xxu eng d
020 ## - INTERNATIONAL STANDARD BOOK NUMBER
International Standard Book Number 0812979206 (paperback)
Terms of availability $17.00
020 ## - INTERNATIONAL STANDARD BOOK NUMBER
International Standard Book Number 9780812979206 (paperback)
028 42 - PUBLISHER NUMBER
Publisher number 9780812979206
Source Random House Trade Paperbacks
040 ## - CATALOGING SOURCE
Original cataloging agency 0
050 04 - LIBRARY OF CONGRESS CALL NUMBER
Classification number DS341.3.U6
082 04 - DEWEY DECIMAL CLASSIFICATION NUMBER
Classification number 327.7301824
Author Mark KAL 2011
100 1# - MAIN ENTRY--PERSONAL NAME
Personal name Kaplan, Robert D.
245 10 - TITLE STATEMENT
Title Monsoon :
Remainder of title the indian ocean and the future of american power /
Statement of responsibility, etc. Robert D. Kaplan.
250 ## - EDITION STATEMENT
Edition statement Reprint ed.
260 ## - PUBLICATION, DISTRIBUTION, ETC.
Place of publication, distribution, etc. [S.l.] :
Name of publisher, distributor, etc. Random House Trade Paperbacks,
Date of publication, distribution, etc. 2011.
300 ## - PHYSICAL DESCRIPTION
Extent 400 p. ;
Dimensions 21 cm.
520 ## - SUMMARY, ETC.
Summary, etc. On the world maps common in America, the Western Hemisphere lies front and center, while the Indian Ocean region all but disappears. This convention reveals the geopolitical focus of the now-departed twentieth century, but in the twenty-first century that focus will fundamentally change. In this pivotal examination of the countries known as “Monsoon Asia”—which include India, Pakistan, China, Indonesia, Burma, Oman, Sri Lanka, Bangladesh, and Tanzania—bestselling author Robert D. Kaplan shows how crucial this dynamic area has become to American power. It is here that the fight for democracy, energy independence, and religious freedom will be lost or won, and it is here that American foreign policy must concentrate if the United States is to remain relevant in an ever-changing world. From the Horn of Africa to the Indonesian archipelago and beyond, Kaplan exposes the effects of population growth, climate change, and extremist politics on this unstable region, demonstrating why Americans can no longer afford to ignore this important area of the world.
650 #0 - SUBJECT ADDED ENTRY--TOPICAL TERM
Topical term or geographic name entry element Diplomatic relations
650 #0 - SUBJECT ADDED ENTRY--TOPICAL TERM
Topical term or geographic name entry element Indian Ocean Region
650 #0 - SUBJECT ADDED ENTRY--TOPICAL TERM
Topical term or geographic name entry element National security
650 #0 - SUBJECT ADDED ENTRY--TOPICAL TERM
Topical term or geographic name entry element Strategic aspects of individual places
650 #0 - SUBJECT ADDED ENTRY--TOPICAL TERM
Topical term or geographic name entry element United States
856 40 - ELECTRONIC LOCATION AND ACCESS
Materials specified Amazon.com
Uniform Resource Identifier <a href="http://www.amazon.com/exec/obidos/ASIN/0812979206/chopaconline-20">http://www.amazon.com/exec/obidos/ASIN/0812979206/chopaconline-20</a>
942 ## - ADDED ENTRY ELEMENTS (KOHA)
Source of classification or shelving scheme
Koha item type Book
Holdings
Withdrawn status Lost status Damaged status Not for loan Collection code Permanent Location Current Location Shelving location Date acquired Total Checkouts Full call number Barcode Date last seen Price effective from Koha item type
          Centre for International Peace & Stability (CIPS) Centre for International Peace & Stability (CIPS) General Stacks 10/14/2015   327.7301824 KAL 2011 CIPS0002675 10/14/2015 10/14/2015 Book
© 2023 Central Library, National University of Sciences and Technology. All Rights Reserved.